| 000 | 00560nam a2200181Ia 4500 | ||
|---|---|---|---|
| 003 | GCL | ||
| 008 | 140319s9999 xx 000 0 ara d | ||
| 040 |
_aGCL / _cGCL |
||
| 082 | 0 | 4 |
_a811 _bا ت |
| 100 | 1 | _aاحمد الشلفى | |
| 245 | 1 | 0 |
_aتحولات الفتى والمساء / _cاحمد الشلفى |
| 250 | _aالاولى | ||
| 300 |
_a47 ص ؛ _c18 سم |
||
| 650 | 0 | 4 | _aالشعر العربى |
| 650 | 0 | 4 | _aالشعر العربى - دواوين وقصائد |
| 650 | 0 | 4 | _aالشعر العربى - العصر الحديث |
| 942 |
_2ddc _cBK |
||
| 999 |
_c57302 _d57302 |
||